Les dessins animés de notre enfance - Statistiques

Statistiques générales
  • Ce quiz a été pris 195 fois
  • Le résultat moyen est 13 sur 16
Statistiques - réponses
Par images Réponse % Correct
Garfield
98%
Inspecteur Gadget
98%
Titeuf
98%
Totally Spies
95%
Oggy et les cafards
92%
Ratz
85%
Samsam
84%
Code Lyoko
80%
Olive et Tom
80%
Les supers nanas
75%
Corneil et Bernie
74%
Martin mystère
73%
Phineas et Ferb
72%
Kim possible
71%
Sailor Moon
63%
Shuriken school
57%
Aucun quiz correspondant
Distribution des résultats
% des personnes avec chaque résultat
Percentile par nombre de réponses
Votre historique - résultats
Vous n’avez pas pris ce quiz